[Event "España Tch-Primera Division Sur"]
[Site "Santa Cruz de Tenerife ESP"]
[Date "2006.08.26"]
[Round "5"]
[White "Cuesta Bustos, Raul"]
[Black "San Segundo Carrillo, Pablo"]
[Result "0-1"]
[WhiteElo "2165"]
[BlackElo "2536"]
[PlyCount "130"]
[EventDate "2006.08.23"]
[EventType "team"]
[EventRounds "2"]
[EventCountry "ESP"]
[Source "lmi"]
[SourceDate "2006.08.23"]
[WhiteTeam "C.A. CAJAGRANADA"]
[BlackTeam "C.C. A. CAJA GENERAL DE AHORROS DE CANARIAS"]

1. e4 c5 2. d4 cxd4 3. c3 Nf6 4. e5 Nd5 5. Nf3 e6 6. cxd4 d6 7. Bc4 Nb6 8. Bd3
Nc6 9. Qe2 Nb4 10. Bb5+ Bd7 11. O-O Be7 12. Nc3 O-O 13. a3 Bxb5 14. Qxb5 Nc6
15. Rd1 a6 16. Qe2 d5 17. Bf4 Nc4 18. b3 Nxa3 19. Bc1 Nb5 20. Nxb5 axb5 21.
Rxa8 Qxa8 22. Qxb5 Qa6 23. Qd3 Qxd3 24. Rxd3 Ra8 25. Bb2 Ra2 26. Bc3 Bb4 27.
Kf1 Bxc3 28. Rxc3 Rb2 29. Ke1 h6 30. g4 Kf8 31. Rd3 Ke8 32. Kf1 Kd8 33. Ke1 Nb4
34. Rc3 Na2 35. Re3 Nb4 36. Rc3 Kd7 37. Kf1 Na2 38. Re3 Nc1 39. b4 Rxb4 40. Ra3
Nb3 41. Ra8 Nxd4 42. Kg2 Nxf3 43. Kxf3 Re4 44. Rf8 Ke7 45. Rb8 Rxe5 46. Rxb7+
Kf6 47. Rd7 h5 48. h3 hxg4+ 49. hxg4 g5 50. Kg3 Re4 51. f3 Rf4 52. Kf2 Ke5 53.
Ke2 f6 54. Rd8 Ra4 55. Ke3 Ra3+ 56. Ke2 Kf4 57. Rf8 f5 58. gxf5 exf5 59. Rd8
Re3+ 60. Kd2 Rxf3 61. Rxd5 Ke4 62. Ra5 Rf2+ 63. Ke1 Rb2 64. Ra4+ Kf3 65. Ra3+
Kg4 0-1

[Event "España Tch-Primera Division Sur"]
[Site "Santa Cruz de Tenerife ESP"]
[Date "2006.08.26"]
[Round "5"]
[White "Alonso, Rene"]
[Black "Areshchenko, Alexander"]
[Result "1/2-1/2"]
[WhiteElo "2380"]
[BlackElo "2641"]
[PlyCount "38"]
[EventDate "2006.08.23"]
[EventType "team"]
[EventRounds "2"]
[EventCountry "ESP"]
[Source "lmi"]
[SourceDate "2006.08.23"]
[WhiteTeam "CLUB AJEDREZ LAURUS RONDA"]
[BlackTeam "C.A. CAJA INSULAR DE AHORROS CANARIAS"]

1. d4 Nf6 2. Nf3 g6 3. c4 Bg7 4. Nc3 d5 5. cxd5 Nxd5 6. e4 Nxc3 7. bxc3 c5 8.
Rb1 O-O 9. Be2 Nc6 10. d5 Ne5 11. Nxe5 Bxe5 12. Rb3 Bd7 13. Rxb7 Bxc3+ 14. Bd2
Bxd2+ 15. Qxd2 Rb8 16. Rxb8 Qxb8 17. O-O Qb4 18. Qxb4 cxb4 19. Rc1 Rc8 1/2-1/2

[Event "España Tch-Primera Division Sur"]
[Site "Santa Cruz de Tenerife ESP"]
[Date "2006.08.26"]
[Round "5"]
[White "Garcia Padron, Jose"]
[Black "Perez Pardo, Juan Carlos"]
[Result "1-0"]
[WhiteElo "2403"]
[BlackElo "2330"]
[PlyCount "63"]
[EventDate "2006.08.23"]
[EventType "team"]
[EventRounds "2"]
[EventCountry "ESP"]
[Source "lmi"]
[SourceDate "2006.08.23"]
[WhiteTeam "C.A. CAJA INSULAR DE AHORROS CANARIAS"]
[BlackTeam "CLUB AJEDREZ LAURUS RONDA"]

1. d4 d5 2. Nf3 c5 3. dxc5 e6 4. c4 Bxc5 5. cxd5 exd5 6. e3 Nf6 7. Bb5+ Nc6 8.
O-O O-O 9. Qc2 Qb6 10. Bxc6 bxc6 11. Nc3 Bd6 12. e4 Qc7 13. Re1 Nxe4 14. Nxe4
dxe4 15. Qxe4 h6 16. Bd2 Be6 17. Bc3 Rfe8 18. h3 Bd5 19. Qg4 f5 20. Qg6 Rxe1+
21. Rxe1 Rf8 22. Nh4 Be4 23. Qe6+ Rf7 24. Rd1 Bd5 25. Qe8+ Kh7 26. Re1 Be7 27.
Nxf5 Bc5 28. Ne3 Qf4 29. Re2 Re7 30. Qh5 Rxe3 31. Bd2 Qe4 32. fxe3 1-0

[Event "España Tch-Primera Division Sur"]
[Site "Santa Cruz de Tenerife ESP"]
[Date "2006.08.26"]
[Round "5"]
[White "Naranjo Moreno, Antonio"]
[Black "Ortega Hermida, Daniel"]
[Result "1/2-1/2"]
[WhiteElo "2256"]
[BlackElo "2383"]
[PlyCount "50"]
[EventDate "2006.08.23"]
[EventType "team"]
[EventRounds "2"]
[EventCountry "ESP"]
[Source "lmi"]
[SourceDate "2006.08.23"]
[WhiteTeam "CLUB AJEDREZ LAURUS RONDA"]
[BlackTeam "C.A. CAJA INSULAR DE AHORROS CANARIAS"]

1. e4 c5 2. Nf3 e6 3. d4 cxd4 4. Nxd4 Nc6 5. Nc3 a6 6. Be3 Nf6 7. Bd3 Qc7 8.
O-O Bd6 9. h3 Bf4 10. Bxf4 Qxf4 11. Nxc6 bxc6 12. Ne2 Qb8 13. b3 d6 14. f4 h5
15. Qd2 Qb6+ 16. Kh2 Bb7 17. e5 dxe5 18. fxe5 Qc7 19. Qf4 Nd5 20. Qg5 f5 21.
Rae1 Qe7 22. Qg6+ Qf7 23. Qg5 Qe7 24. Qg6+ Qf7 25. Qg5 Qe7 1/2-1/2

[Event "España Tch-Primera Division Sur"]
[Site "Santa Cruz de Tenerife ESP"]
[Date "2006.08.25"]
[Round "5"]
[White "Cabezas Ayala, Ivan"]
[Black "Santos Izquierdo, Francisco Javier"]
[Result "1/2-1/2"]
[WhiteElo "2337"]
[BlackElo "2314"]
[PlyCount "57"]
[EventDate "2006.08.23"]
[EventType "team"]
[EventRounds "2"]
[EventCountry "ESP"]
[Source "lmi"]
[SourceDate "2006.08.23"]
[WhiteTeam "C.A. MAGIC - B"]
[BlackTeam "C.A. SOCIEDAD LA DEMOCRACIA"]

1. e4 c5 2. Nf3 Nc6 3. d4 cxd4 4. Nxd4 Nf6 5. Nc3 e5 6. Ndb5 d6 7. Nd5 Nxd5 8.
exd5 Nb8 9. c4 Be7 10. Be2 O-O 11. O-O a6 12. Nc3 f5 13. f4 Bf6 14. Rb1 Nd7 15.
Qc2 g6 16. b4 Qc7 17. Be3 Re8 18. Rfe1 b5 19. c5 exf4 20. Bxf4 Nxc5 21. Nxb5
axb5 22. bxc5 Qxc5+ 23. Qxc5 dxc5 24. Bxb5 Bd4+ 25. Kf1 Rxe1+ 26. Rxe1 Rxa2 27.
Re8+ Kf7 28. Bg5 Ba6 29. Re7+ 1/2-1/2

[Event "España Tch-Primera Division Sur"]
[Site "Santa Cruz de Tenerife ESP"]
[Date "2006.08.26"]
[Round "5"]
[White "Hidalgo Santana, Fernando"]
[Black "Garcia Romero, Benjamin Abel"]
[Result "1-0"]
[WhiteElo "2234"]
[BlackElo "2164"]
[PlyCount "109"]
[EventDate "2006.08.23"]
[EventType "team"]
[EventRounds "2"]
[EventCountry "ESP"]
[Source "lmi"]
[SourceDate "2006.08.23"]
[WhiteTeam "C.A.SOCIEDAD LA DEMOCRACIA"]
[BlackTeam "C.A. MAGIC - B"]

1. e4 e6 2. d3 d5 3. Nd2 c5 4. g3 Bd6 5. Bg2 Ne7 6. f4 Nbc6 7. Ngf3 O-O 8. O-O
Bc7 9. Re1 b6 10. b3 d4 11. e5 Bb7 12. Ne4 Nf5 13. Qe2 Nb4 14. g4 Ne3 15. Bxe3
dxe3 16. Nc3 f6 17. a3 fxe5 18. axb4 cxb4 19. Ng5 Bxg2 20. Qxg2 exf4 21. Nxe6
f3 22. Nxd8 Bxd8 23. Qg3 f2+ 24. Kh1 fxe1=Q+ 25. Rxe1 bxc3 26. Qxe3 Bh4 27.
Qe6+ Kh8 28. Re2 h6 29. Kg2 b5 30. Qa6 b4 31. Qa5 Rf4 32. Qh5 Bf6 33. h4 Rg8
34. g5 Bd8 35. Re8 Rff8 36. Rxf8 Rxf8 37. gxh6 g6 38. Qe5+ Bf6 39. Qd6 Rf7 40.
Qxb4 Kh7 41. Qc4 Rb7 42. Qf4 Rb6 43. Kg3 Re6 44. Kg4 Rb6 45. d4 Bh8 46. Qc7+
Kxh6 47. Qxc3 a5 48. Qxa5 Rc6 49. c4 Re6 50. Qg5+ Kh7 51. Qf4 Re1 52. d5 Rd1
53. Qf7+ Bg7 54. Qf3 Be5 55. Qxd1 1-0

[Event "España Tch-Primera Division Sur"]
[Site "Santa Cruz de Tenerife ESP"]
[Date "2006.08.26"]
[Round "5"]
[White "Mateos Gomez, Juan Francisco"]
[Black "Morales Camacho, Julian"]
[Result "1/2-1/2"]
[WhiteElo "2105"]
[BlackElo "2221"]
[PlyCount "90"]
[EventDate "2006.08.23"]
[EventType "team"]
[EventRounds "2"]
[EventCountry "ESP"]
[Source "lmi"]
[SourceDate "2006.08.23"]
[WhiteTeam "C.A. MAGIC - B"]
[BlackTeam "C.A. SOCIEDAD LA DEMOCRACIA"]

1. g3 g6 2. Bg2 Bg7 3. c4 e6 4. Nc3 Ne7 5. d4 d5 6. Nf3 Nbc6 7. cxd5 exd5 8. e3
a5 9. O-O O-O 10. a3 b6 11. Qb3 Qd7 12. e4 a4 13. Qa2 dxe4 14. Nxe4 Ba6 15. Re1
Na5 16. Bh6 Bc4 17. Qb1 f6 18. Bxg7 Kxg7 19. Qc1 Rae8 20. Ned2 Bd5 21. Qc3 Nec6
22. Re3 Rd8 23. Rae1 Rf7 24. Rd1 Nb3 25. Nxb3 axb3 26. Red3 Qf5 27. Nd2 Bxg2
28. Kxg2 Qd5+ 29. f3 Ne5 30. Re3 Qxd4 31. Qxb3 Nc4 32. Re4 Qxb2 33. Qxc4 Rxd2+
34. Rxd2 Qxd2+ 35. Re2 Qd6 36. a4 Re7 37. Rc2 Qd1 38. h4 Qd6 39. Qb5 Qd1 40.
Qc4 Rd7 41. Re2 Qd6 42. Re6 Qd2+ 43. Re2 Qd6 44. Re6 Qd2+ 45. Re2 Qd6 1/2-1/2

[Event "España Tch-Primera Division Sur"]
[Site "Santa Cruz de Tenerife ESP"]
[Date "2006.08.26"]
[Round "5"]
[White "Gonzalez Acosta, Angel"]
[Black "Encinas Encinas, Alvaro"]
[Result "1-0"]
[WhiteElo "2091"]
[BlackElo "2133"]
[PlyCount "111"]
[EventDate "2006.08.23"]
[EventType "team"]
[EventRounds "2"]
[EventCountry "ESP"]
[Source "lmi"]
[SourceDate "2006.08.23"]
[WhiteTeam "C.A. SOCIEDAD LA DEMOCRACIA"]
[BlackTeam "C.A. MAGIC - B"]

1. e4 g6 2. d4 Bg7 3. c4 c5 4. d5 Qa5+ 5. Bd2 Qb6 6. Nc3 d6 7. Rb1 Nf6 8. Bd3
e6 9. h3 O-O 10. Nf3 exd5 11. exd5 Re8+ 12. Be3 Nh5 13. O-O f5 14. Re1 Nd7 15.
Qa4 Rf8 16. Qc2 f4 17. Bd2 Qd8 18. Ne4 Ne5 19. Be2 Bf5 20. Nxe5 Bxe5 21. Bxh5
gxh5 22. Bc3 Qe8 23. Bxe5 Qxe5 24. Qc3 Rae8 25. Qxe5 dxe5 26. Rbd1 Bxe4 27.
Rxe4 Kf7 28. a3 Kf6 29. Rb1 Rg8 30. Kf1 Rg7 31. f3 Reg8 32. Re2 e4 33. fxe4 f3
34. Rf2 Ke5 35. Re1 Rxg2 36. Rxf3 Rg1+ 37. Ke2 Rxe1+ 38. Kxe1 Rg7 39. Kd2 Kxe4
40. Rd3 h4 41. d6 Rd7 42. Rd5 Kf4 43. Kc3 Kg3 44. Rd3+ Kg2 45. b4 b6 46. bxc5
bxc5 47. Kb3 h5 48. Ka4 Rxd6 49. Rxd6 Kxh3 50. Rg6 Kh2 51. Kb5 h3 52. Kxc5 h4
53. Kd4 Kh1 54. Ke3 h2 55. Kf2 h3 56. Re6 1-0

[Event "España Tch-Primera Division Sur"]
[Site "Santa Cruz de Tenerife ESP"]
[Date "2006.08.26"]
[Round "5"]
[White "De la Cruz Sanchez, C Gustavo"]
[Black "Sanchez Jimenez, Juan Carlos"]
[Result "1/2-1/2"]
[WhiteElo "2249"]
[BlackElo "2289"]
[PlyCount "24"]
[EventDate "2006.08.23"]
[EventType "team"]
[EventRounds "2"]
[EventCountry "ESP"]
[Source "lmi"]
[SourceDate "2006.08.23"]
[WhiteTeam "C.A. ISLA BONITA - CAJACANARIAS"]
[BlackTeam "C.A TIENDAS UPI B"]

1. e4 e6 2. d4 d5 3. exd5 exd5 4. c4 Nf6 5. Nc3 Bb4 6. Bd3 Nc6 7. Nge2 O-O 8.
O-O Bg4 9. Bg5 dxc4 10. Bxc4 Bxe2 11. Nxe2 Be7 12. Re1 Bb4 1/2-1/2

[Event "España Tch-Primera Division Sur"]
[Site "Santa Cruz de Tenerife ESP"]
[Date "2006.08.26"]
[Round "5"]
[White "Ruiz Jimenez, Francisco J"]
[Black "Hernandez Leon, Alberto"]
[Result "1/2-1/2"]
[WhiteElo "2218"]
[BlackElo "2170"]
[PlyCount "82"]
[EventDate "2006.08.23"]
[EventType "team"]
[EventRounds "2"]
[EventCountry "ESP"]
[Source "lmi"]
[SourceDate "2006.08.23"]
[WhiteTeam "C.A. TIENDAS UPI B"]
[BlackTeam "C.A. ISLA BONITA - CAJACANARIAS"]

1. e4 c5 2. Nc3 d6 3. g3 Nc6 4. Bg2 g6 5. d3 Bg7 6. Be3 e6 7. Qd2 Nd4 8. Nd1
Nf6 9. c3 Nc6 10. Bh6 O-O 11. Bxg7 Kxg7 12. Ne2 d5 13. exd5 exd5 14. Ne3 d4 15.
Nc4 Bf5 16. Rd1 Qd7 17. O-O Bh3 18. Bxh3 Qxh3 19. Nf4 Qd7 20. Rfe1 Rfe8 21. a4
Rad8 22. f3 Nd5 23. Kg2 Nxf4+ 24. Qxf4 dxc3 25. bxc3 Rxe1 26. Rxe1 Qxd3 27. Ne5
Qd2+ 28. Qxd2 Rxd2+ 29. Kh3 Nxe5 30. Rxe5 b6 31. Re7 Rd3 32. Rxa7 Rxc3 33. Rb7
Rc4 34. Rxb6 Rxa4 35. Rc6 Rc4 36. g4 Rc1 37. Kg3 c4 38. Kf4 c3 39. h4 c2 40.
Rc8 h6 41. Rc6 Kf8 1/2-1/2

[Event "España Tch-Primera Division Sur"]
[Site "Santa Cruz de Tenerife ESP"]
[Date "2006.08.26"]
[Round "5"]
[White "Perez Felipe, Marcos Adrian"]
[Black "Castillo Gallego, Sergio"]
[Result "1/2-1/2"]
[WhiteElo "2118"]
[BlackElo "2189"]
[PlyCount "136"]
[EventDate "2006.08.23"]
[EventType "team"]
[EventRounds "2"]
[EventCountry "ESP"]
[Source "lmi"]
[SourceDate "2006.08.23"]
[WhiteTeam "C.A. ISLA BONITA - CAJACANARIAS"]
[BlackTeam "C.A. TIENDAS UPI B"]

1. d4 d5 2. c4 e6 3. Nc3 c6 4. e3 f5 5. h3 Nf6 6. g4 fxg4 7. hxg4 Bb4 8. Bd2 e5
9. dxe5 Nxg4 10. Bh3 Qh4 11. Qe2 O-O 12. Nf3 Rxf3 13. Qxf3 Nxe5 14. Qg3 Qxg3
15. fxg3 Bxh3 16. Rxh3 Nxc4 17. O-O-O Nd7 18. a3 Bc5 19. e4 d4 20. Na4 Be7 21.
Bf4 c5 22. b4 g5 23. Rdh1 Nf8 24. Bd2 Ne5 25. Nxc5 Bxc5 26. bxc5 Nd3+ 27. Kc2
Nf2 28. Bxg5 Re8 29. Rh4 Nxh1 30. Rxh1 Rxe4 31. Kd3 Re5 32. Bf4 Rxc5 33. Kxd4
Ne6+ 34. Ke4 Nxf4 35. gxf4 Rc3 36. Rd1 Rxa3 37. Rd8+ Kf7 38. Rd7+ Kf6 39. Rxb7
Ra4+ 40. Kf3 h5 41. Rc7 Ra3+ 42. Ke4 h4 43. Rc6+ Kg7 44. Kf5 h3 45. Rc2 Rg3 46.
Rc7+ Kh6 47. Rc6+ Kh5 48. Rc7 Kh6 49. Rc6+ Kh7 50. Rc7+ Kg8 51. Rc8+ Kg7 52.
Rc7+ Kg8 53. Rc8+ Kf7 54. Rc7+ Kf8 55. Rc8+ Ke7 56. Rc7+ Kd8 57. Rxa7 h2 58.
Rh7 Rg2 59. Kf6 Ra2 60. f5 Ra6+ 61. Kg5 Ra2 62. Kg6 Rg2+ 63. Kf7 Kd7 64. f6 Kd6
65. Kf8 Ke6 66. f7 Kd7 67. Rh3 Rc2 68. Rh4 Rf2 1/2-1/2

[Event "España Tch-Primera Division Sur"]
[Site "Santa Cruz de Tenerife ESP"]
[Date "2006.08.26"]
[Round "5"]
[White "Martos Exposito, Manuel"]
[Black "Majul Martinez, Isolina"]
[Result "1-0"]
[WhiteElo "2158"]
[BlackElo "2104"]
[PlyCount "83"]
[EventDate "2006.08.23"]
[EventType "team"]
[EventRounds "2"]
[EventCountry "ESP"]
[Source "lmi"]
[SourceDate "2006.08.23"]
[WhiteTeam "C.A. TIENDAS UPI B"]
[BlackTeam "C.A. ISLA BONITA - CAJACANARIAS"]

1. b3 e5 2. Bb2 Nc6 3. e3 a6 4. g3 d5 5. d3 Nf6 6. Bg2 Bg4 7. Ne2 Qd7 8. h3 Be6
9. Nd2 Rd8 10. a3 Be7 11. g4 O-O 12. Ng3 Ne8 13. Nf3 Bd6 14. Ng5 Qe7 15. Nxe6
fxe6 16. Qe2 Na7 17. e4 Bc5 18. O-O d4 19. f3 Nc6 20. Qf2 Nd6 21. b4 Bb6 22.
Bc1 a5 23. bxa5 Bxa5 24. Ne2 Nb5 25. h4 Qc5 26. a4 Nc3 27. Nxc3 Bxc3 28. Rb1
Nb4 29. g5 Ra8 30. Bh3 Qd6 31. Qg2 Rxa4 32. g6 h6 33. Qg4 Ra6 34. Qh5 Qe7 35.
Bg5 Qd7 36. Rf2 Ra1 37. Rxa1 Bxa1 38. Rg2 Ra8 39. Bxh6 gxh6 40. g7 Qxg7 41.
Rxg7+ Kxg7 42. Qxe5+ 1-0

[Event "España Tch-Primera Division Sur"]
[Site "Santa Cruz de Tenerife ESP"]
[Date "2006.08.26"]
[Round "5"]
[White "Ramos Aguilar, Jose Manuel"]
[Black "Jimenez Villena, Francisco Jose"]
[Result "0-1"]
[WhiteElo "2253"]
[BlackElo "2255"]
[PlyCount "86"]
[EventDate "2006.08.23"]
[EventType "team"]
[EventRounds "2"]
[EventCountry "ESP"]
[Source "lmi"]
[SourceDate "2006.08.23"]
[WhiteTeam "C.A. EBANO"]
[BlackTeam "C.A. TOTANA"]

1. d4 e6 2. c4 d5 3. Nc3 c5 4. cxd5 exd5 5. Nf3 Nc6 6. g3 Nf6 7. Bg2 Be7 8. O-O
O-O 9. Bg5 c4 10. e3 Be6 11. Nd2 Qa5 12. a3 Rad8 13. Qe2 Rfe8 14. Rfc1 h6 15.
Bxf6 Bxf6 16. b3 b5 17. bxc4 bxc4 18. Qh5 Rd6 19. Rab1 a6 20. a4 g6 21. Qxh6
Nb4 22. h4 Nd3 23. h5 Nxc1 24. Rxc1 Bg7 25. Qg5 Qd8 26. Qf4 g5 27. Qf3 g4 28.
Qd1 Rb6 29. e4 dxe4 30. d5 Bxd5 31. Qxg4 Be6 32. Qf4 Qd6 33. Qg5 Qe5 34. Qe3
Reb8 35. h6 Bh8 36. Ndxe4 Rb3 37. Bf3 Bf5 38. Qg5+ Bg6 39. h7+ Kxh7 40. Qh4+
Kg8 41. Kg2 Bg7 42. Rc2 Rxc3 43. Rxc3 Bxe4 0-1

[Event "España Tch-Primera Division Sur"]
[Site "Santa Cruz de Tenerife ESP"]
[Date "2006.08.26"]
[Round "5"]
[White "Cano Sanchez, Josue"]
[Black "Mendivil Anton, Daniel"]
[Result "0-1"]
[WhiteElo "2273"]
[BlackElo "2267"]
[PlyCount "96"]
[EventDate "2006.08.23"]
[EventType "team"]
[EventRounds "2"]
[EventCountry "ESP"]
[Source "lmi"]
[SourceDate "2006.08.23"]
[WhiteTeam "C.A.TOTANA"]
[BlackTeam "C.A.EBANO"]

1. d4 e6 2. Nf3 Nf6 3. g3 b5 4. Bg2 Bb7 5. O-O c5 6. c3 a6 7. Bg5 h6 8. Bxf6
Qxf6 9. Re1 cxd4 10. cxd4 Bb4 11. Rf1 O-O 12. Nbd2 Ra7 13. Rc1 Ba5 14. Nb3 Bb6
15. e3 d6 16. Nfd2 Qe7 17. Qe2 Qd7 18. Rc2 Nc6 19. a3 Ba8 20. d5 exd5 21. Nf3
Re8 22. Rd1 Ne5 23. Nfd4 Nc4 24. Nc1 Re5 25. Rd3 Qe8 26. Nf3 Re4 27. Nb3 Rae7
28. Nbd4 g6 29. Qd1 Bb7 30. Qc1 Kh7 31. b3 Nxe3 32. fxe3 Rxe3 33. Rxe3 Rxe3 34.
Kf1 a5 35. b4 Rd3 36. Re2 Qd7 37. Rd2 Re3 38. Re2 Rd3 39. Rd2 Re3 40. bxa5 Bxa5
41. Re2 Rc3 42. Qb2 Ba6 43. Kg1 Rd3 44. Bf1 Bc3 45. Qb1 b4 46. Rd2 Rxd2 47.
Nxd2 Bxd4+ 48. Kg2 Bxf1+ 0-1

[Event "España Tch-Primera Division Sur"]
[Site "Santa Cruz de Tenerife ESP"]
[Date "2006.08.26"]
[Round "5"]
[White "Martin Luis, Cesar"]
[Black "Ibarra Jerez, Juan Miguel"]
[Result "1/2-1/2"]
[WhiteElo "2246"]
[BlackElo "2163"]
[PlyCount "58"]
[EventDate "2006.08.23"]
[EventType "team"]
[EventRounds "2"]
[EventCountry "ESP"]
[Source "lmi"]
[SourceDate "2006.08.23"]
[WhiteTeam "C.A.EBANO"]
[BlackTeam "C.A. TOTANA"]

1. d4 Nf6 2. c4 g6 3. Nf3 Bg7 4. g3 O-O 5. Bg2 d6 6. O-O c5 7. d5 e6 8. Nc3
exd5 9. cxd5 Na6 10. Nd2 Nc7 11. Nde4 b5 12. Nxd6 Qxd6 13. Bf4 Qb6 14. d6 Ne6
15. Bxa8 Nxf4 16. gxf4 Bh3 17. Bg2 Bxg2 18. Kxg2 Qc6+ 19. Kg1 b4 20. Na4 Ne4
21. Rc1 c4 22. Qd3 Nxd6 23. Rfd1 Nf5 24. Qd7 Qe4 25. e3 Nxe3 26. fxe3 Qxe3+ 27.
Kh1 Qf3+ 28. Kg1 Qe3+ 29. Kh1 Qf3+ 1/2-1/2

[Event "España Tch-Primera Division Sur"]
[Site "Santa Cruz de Tenerife ESP"]
[Date "2006.08.26"]
[Round "5"]
[White "Perez Merlos, Ramon"]
[Black "Marquez Abreu, Carlos"]
[Result "1-0"]
[WhiteElo "2137"]
[BlackElo "1970"]
[PlyCount "73"]
[EventDate "2006.08.23"]
[EventType "team"]
[EventRounds "2"]
[EventCountry "ESP"]
[Source "lmi"]
[SourceDate "2006.08.23"]
[WhiteTeam "C.A. TOTANA"]
[BlackTeam "C.A. EBANO"]

1. d4 d5 2. c4 c6 3. Nf3 Nf6 4. Nc3 e6 5. Bg5 Be7 6. e3 O-O 7. Qc2 Nbd7 8. h4
Re8 9. O-O-O dxc4 10. Bxc4 b5 11. Bd3 Bb7 12. Ne4 Nxe4 13. Bxe4 Nf8 14. Kb1 Rc8
15. Bxe7 Qxe7 16. Qc5 Qc7 17. Ne5 a5 18. Rc1 Nd7 19. Nxd7 Qxd7 20. h5 h6 21. g4
e5 22. Bf5 Qd8 23. Bxc8 Bxc8 24. Rhg1 exd4 25. Qxd4 Qg5 26. Rxc6 Qh4 27. Qf4
Be6 28. Rb6 Qd8 29. Rd6 Qc8 30. Qd4 f6 31. f3 a4 32. Rd1 Kf7 33. e4 Re7 34. Rd3
Qb8 35. Qb6 Qc8 36. Rc6 Qe8 37. Rd8 1-0

[Event "España Tch-Primera Division Sur"]
[Site "Santa Cruz de Tenerife ESP"]
[Date "2006.08.26"]
[Round "5"]
[White "Rodriguez Vera, Gregorio"]
[Black "Mendoza Contreras, Lucas Eduardo"]
[Result "1/2-1/2"]
[WhiteElo "2162"]
[BlackElo "2270"]
[PlyCount "110"]
[EventDate "2006.08.23"]
[EventType "team"]
[EventRounds "2"]
[EventCountry "ESP"]
[Source "lmi"]
[SourceDate "2006.08.23"]
[WhiteTeam "C.A. AKFUR BUBAQUE COTELEC"]
[BlackTeam "C.A. EL SAUZAL -RTE MARTINEZ"]

1. e4 d5 2. exd5 Qxd5 3. Nc3 Qd8 4. d4 c6 5. Nf3 Bf5 6. Be2 e6 7. O-O Nd7 8.
Bf4 Ngf6 9. Re1 Bb4 10. Bd3 Bg4 11. a3 Ba5 12. Bg5 O-O 13. h3 Bh5 14. g4 Bg6
15. Ne5 Nxe5 16. dxe5 Bxc3 17. bxc3 Qa5 18. Bd2 Nd7 19. c4 Qc7 20. Bb4 c5 21.
Bc3 Rad8 22. Qf3 Bxd3 23. cxd3 Nb8 24. Rab1 Nc6 25. a4 a5 26. Rb5 b6 27. Qe4
Rd7 28. Reb1 Rb8 29. Kg2 h6 30. Kg1 Nb4 31. d4 cxd4 32. Bxb4 axb4 33. R5xb4 d3
34. R4b3 d2 35. Rd1 Rbd8 36. Rb2 Qc5 37. Rb5 Rd4 38. Qe2 Qxc4 39. Qxc4 Rxc4 40.
Kf1 Rxa4 41. Rxb6 Ra3 42. h4 Rh3 43. Kg2 Rxh4 44. Kg3 g5 45. Rd6 Rxd6 46. exd6
Kf8 47. Rxd2 Ke8 48. Ra2 f5 49. f3 h5 50. gxh5 Rxh5 51. Ra7 Rh6 52. Rg7 g4 53.
fxg4 fxg4 54. Kxg4 e5 55. Re7+ Kd8 1/2-1/2

[Event "España Tch-Primera Division Sur"]
[Site "Santa Cruz de Tenerife ESP"]
[Date "2006.08.26"]
[Round "5"]
[White "Pinto Henriquez, Rodrigo"]
[Black "Villavicencio Martinez, Carlos Luis"]
[Result "1-0"]
[WhiteElo "2208"]
[BlackElo "2157"]
[PlyCount "113"]
[EventDate "2006.08.23"]
[EventType "team"]
[EventRounds "2"]
[EventCountry "ESP"]
[Source "lmi"]
[SourceDate "2006.08.23"]
[WhiteTeam "C.A. EL SAUZAL - RTE MARTINEZ"]
[BlackTeam "C.A. AKFUR BUBAQUE COTELEC"]

1. d4 Nf6 2. c4 e6 3. Nc3 c5 4. d5 exd5 5. cxd5 d6 6. e4 g6 7. h3 Bg7 8. Nf3
O-O 9. Bd3 a6 10. a4 Re8 11. O-O Nbd7 12. Bf4 Qe7 13. Re1 Qf8 14. Bf1 Nh5 15.
Bh2 Ne5 16. Be2 Qe7 17. Nxe5 Bxe5 18. Bxh5 Bxh2+ 19. Kxh2 Qe5+ 20. g3 Qxh5 21.
Qxh5 gxh5 22. f4 b6 23. Re3 Kf8 24. Rae1 Ra7 25. Kg2 Rae7 26. Kf3 Bxh3 27. f5
f6 28. Kf4 Rb8 29. Nd1 Rg7 30. Nf2 Bg4 31. Ra1 Ke8 32. b3 Kd8 33. Ra2 a5 34.
Re1 Kc7 35. Rh1 Re8 36. Rh4 Rge7 37. Ra1 Rg8 38. Re1 Rg5 39. Nxg4 Rxg4+ 40.
Rxg4 hxg4 41. Rh1 Rg7 42. Rh6 Rf7 43. Kxg4 Kd7 44. Kf4 Ke7 45. g4 Kf8 46. g5
Kg7 47. Kg4 Rf8 48. Kh5 fxg5 49. Rxd6 Re8 50. Kxg5 Rxe4 51. Rxb6 Rd4 52. Rb7+
Kg8 53. Kf6 h5 54. Kg6 Kf8 55. Rb8+ Ke7 56. f6+ Kd7 57. f7 1-0

[Event "España Tch-Primera Division Sur"]
[Site "Santa Cruz de Tenerife ESP"]
[Date "2006.08.26"]
[Round "5"]
[White "Trujillo Delgado, Dafnae Lorena"]
[Black "Fernandez Manrique, Agustin"]
[Result "1-0"]
[WhiteElo "2164"]
[BlackElo "2168"]
[PlyCount "45"]
[EventDate "2006.08.23"]
[EventType "team"]
[EventRounds "2"]
[EventCountry "ESP"]
[Source "lmi"]
[SourceDate "2006.08.23"]
[WhiteTeam "C.A. AKFUR BUBAQUE COTELEC"]
[BlackTeam "C.A. EL SAUZAL - RTE MARTINEZ"]

1. e4 e6 2. d4 d5 3. Nd2 Nf6 4. e5 Nfd7 5. f4 c5 6. c3 cxd4 7. cxd4 Nc6 8. Ndf3
Be7 9. Bd3 f5 10. Ne2 O-O 11. O-O Nb6 12. Kh1 Bd7 13. Rg1 Be8 14. g4 Rc8 15.
gxf5 exf5 16. Ng3 Bg6 17. Qe2 Nb4 18. Bb1 Na6 19. Qg2 Kh8 20. Bxf5 Rxf5 21.
Nxf5 Bf8 22. N3h4 Bf7 23. Nd6 1-0

[Event "España Tch-Primera Division Sur"]
[Site "Santa Cruz de Tenerife ESP"]
[Date "2006.08.26"]
[Round "5"]
[White "Vega Gutierrez, Sabrina Neide"]
[Black "Jimenez Martinez, Jose Vicente"]
[Result "1-0"]
[WhiteElo "2282"]
[BlackElo "2199"]
[PlyCount "93"]
[EventDate "2006.08.23"]
[EventType "team"]
[EventRounds "2"]
[EventCountry "ESP"]
[Source "lmi"]
[SourceDate "2006.08.23"]
[WhiteTeam "CLUB AJEDREZ ANAND"]
[BlackTeam "CLUB AJEDREZ PARQUE SUR"]

1. e4 d6 2. d4 g6 3. Nc3 Bg7 4. f4 Nf6 5. Nf3 c5 6. Bb5+ Bd7 7. e5 Ng4 8. Bxd7+
Qxd7 9. d5 dxe5 10. h3 e4 11. hxg4 exf3 12. Qxf3 Na6 13. Bd2 O-O-O 14. O-O-O
Nc7 15. Be1 Ne8 16. Ne4 b6 17. d6 Qb7 18. d7+ Rxd7 19. Rxd7 Qxd7 20. Nxc5 Qc7
21. Na6 Qb7 22. Qe2 Nc7 23. Nb4 e6 24. Rh3 a5 25. Nd3 Qd5 26. Bf2 Qb5 27. Qe4
Kb8 28. c4 f5 29. gxf5 gxf5 30. Qxe6 Qxb2+ 31. Nxb2 Bxb2+ 32. Kxb2 Nxe6 33.
Bxb6 Nxf4 34. Rb3 Kc8 35. g3 a4 36. Rf3 Ne2 37. Re3 Kb7 38. c5 Nd4 39. Re7+ Kc6
40. Kc3 Nb5+ 41. Kc4 Rg8 42. Re6+ Kd7 43. Rh6 Na3+ 44. Kd5 Ke8 45. Rxh7 Rxg3
46. c6 Rg8 47. Ra7 1-0